Statistics for Horror Movie Franchises #33: The Grudge

Click here to take the quiz!

General Stats

  • This quiz has been taken 3 times
  • The average score is 2 of 12

Answer Stats

Movie% Correct
The Grudge
100%
The Grudge (2020 Remake)
50%
Ju-on: Black Ghost
0%
Ju-on: The Curse
0%
Ju-on: The Curse 2
0%
Ju-on: The Final Curse
0%
Ju-on: The Grudge
0%
Ju-on: The Grudge 2
0%
Ju-on: White Ghost
0%
Sadako vs. Kayako
0%
The Grudge 2
0%
The Grudge 3
0%

Score Distribution

Percentile by Number Answered

Percent of People with Each Score

Your Score History

You have not taken this quiz